000 00657nam a22002057a 4500
005 20140814111014.0
010 _aENG-110433
020 _a9789380036601
_c280.00
035 _aEN-93965
037 _bDBAD/PUB
082 _a021.2
100 _aSahu, Nivedita Bhattacharyya
245 _aLibrary and society :
_cby Nivedita Bhattacharyya Sahu [and] Biplab Chakrabarti
_ban introduction /
260 _aKolkata
_bMitram
_c2014
270 _a37 A, College Street
_bKolkata
_e73
300 _a344p.
_c22cm(pbk)
500 _aIncludes bibliographical references and index
700 _aChakrabarti, Biplab
942 _2ddc
_cEN
_mSAH
_h021.2
999 _c86590
_d86590